000 00372nam a2200145Ia 4500
008 230411s9999 xx 000 0 und d
020 _a81-8061-168-X
041 _aeng
082 _aAD/610.7/NEE/B01381
100 _aNeeraja KP
245 _aTextbook of Nursing Education
260 _bJaypee Brothers
_aNew Delhi
_c2003
300 _a498p
999 _c152700
_d152700